Power and authority in the Victorian city /

Saved in:
Bibliographic Details
Main Author: Fraser, Derek
Format: Book
Language:English
Published: New York : St. Martin's Press, 1979.
Series:Comparative studies in social and economic history (New York, N.Y.) ; 1.
Subjects:
LEADER 01099nam a2200289 i 4500
001 c000332471
003 CARM
005 00000000000000.0
008 790305s1979 nyu b 00110 eng
019 1 |a 1384707  |5 LACONCORD2021 
020 |a 0312633611 
035 |a (OCoLC)4774839  |5 LACONCORD2021 
043 |a e-uk--- 
050 0 0 |a JS3068  |b .F68 1979 
100 1 |a Fraser, Derek. 
245 1 0 |a Power and authority in the Victorian city /  |c Derek Fraser. 
260 |a New York :  |b St. Martin's Press,  |c 1979. 
300 |a 190 p. ;  |c 22 cm. 
490 0 |a Comparative studies in social and economic history ;  |v 1 
500 |a Includes index. 
504 |a Bibliography: p. [179]-183. 
650 0 |a Municipal government  |z Great Britain  |x History. 
830 0 |a Comparative studies in social and economic history (New York, N.Y.) ;  |v 1. 
852 8 |b CARM  |h A1:AL37B0  |i B10310  |p 0460942  |f BK 
082 0 4 |a 352/.008/0941 
999 f f |i 744d33d0-ec22-51ca-899e-a660298a3ab5  |s dfa90142-bd0c-58e5-aa9b-e3df4928a967 
952 f f |p Can circulate  |a CAVAL  |b CAVAL  |c CAVAL  |d CARM 1 Store  |e B10310  |f A1:AL37B0  |h Other scheme  |i book  |m 0460942